| 000 | 01088 a2200229 4500 | ||
|---|---|---|---|
| 001 | 44923 | ||
| 005 | 20260407155724.0 | ||
| 008 | 260407a1994 arg spa d | ||
| 003 | AR-UNSa-BCEJYS | ||
| 040 |
_aAR-UNSa-BCEJYS _bspa _cAR-UNSa-BCEJYS |
||
| 080 |
_a330.34 _xDesarrollo Económico |
||
| 245 | 1 | 0 |
_aInforme sobre el desarrollo mundial 1994 _pInfraestructura y desarrollo |
| 020 | _a0-8213-2535-3 | ||
| 264 | 1 |
_aWashington : _bBanco Mundial _c1994 |
|
| 300 |
_ax, 264 p. _c27 cm. |
||
| 505 | _a1. La infraestructura: logros, problemas y oportunidades – 2. Gestión de las entidades públicas con principios comerciales – 3. Introducción del mercado en los servicios de infraestructura – 4. La infraestructura: más allá del mercado – 5. El financiamiento de las inversiones necesarias – 6. Adopción de prioridades y ejecución de las reformas - | ||
| 041 | _aspa | ||
| 942 | _cBK | ||
| 590 | _aniveau_biblio:m niveau_hierar:0 | ||
| 100 | 1 | _aBanco Mundial | |
| 856 | 4 | 1 |
_uhttps://www.biblioeco.unsa.edu.ar/pmb/images/libros/L127046.jpg _yImagen de portada _qimage/jpeg |
| 999 |
_c3862 _d3862 |
||